[Event "Drammen Konnerud Autumn-B"]
[Site "Drammen"]
[Date "2020.10.28"]
[Round "8"]
[White "Kierulf, Villum Brevick"]
[Black "Marthinussen, Viktor Andre"]
[Result "1/2-1/2"]
[WhiteElo "1471"]
[BlackElo "1442"]
[PlyCount "104"]
[EventDate "2020.08.19"]
[EventType "tourn"]
[EventRounds "9"]
[EventCountry "NOR"]
[SourceTitle "EXT 2024"]
[Source "ChessBase"]
[SourceDate "2023.10.10"]
[SourceVersion "1"]
[SourceVersionDate "2023.10.10"]
[SourceQuality "1"]

1. e4 e5 2. f4 Nc6 3. Nf3 d6 4. Bc4 h6 5. 0-0 Qf6 6. Nc3 Be6 7. Nd5 Bxd5 8. exd5 Na5 9. Bb5+ c6 10. dxc6 Nxc6 11. fxe5 dxe5 12. Re1 Bc5+ 13. d4 0-0-0 14. Bxc6 Qxc6 15. Rxe5 Nf6 16. Be3 Ng4 17. Rxc5 Qxc5 18. dxc5 Rxd1+ 19. Rxd1 Nxe3 20. Rd2 Nc4 21. Rd4 Nxb2 22. Ne5 Rd8 23. Rxd8+ Kxd8 24. Nxf7+ Kc7 25. Nd6 Kc6 26. Nf5 Kxc5 27. Nxg7 Kb4 28. Nf5 Ka3 29. Nxh6 a5 30. g4 Nc4 31. g5 Ne5 32. Kg2 Kxa2 33. h4 a4 34. h5 a3 35. g6 Kb1 36. g7 a2 37. g8Q a1Q 38. Qg7 b5 39. Nf5 Qa8+ 40. Kh2 Qe4 41. Qg1+ Kb2 42. Qd4+ Qxd4 43. Nxd4 b4 44. Kg3 Kc3 45. Nb5+ Kxc2 46. h6 b3 47. h7 Nf7 48. Kg4 b2 49. Na3+ Kb3 50. Nb1 Kc2 51. Na3+ Kb3 52. Nb1 Kc2 1/2-1/2

[Event "Drammen Konnerud Autumn-B"]
[Site "Drammen"]
[Date "2020.10.07"]
[Round "6"]
[White "Lovaas, Roger"]
[Black "Marthinussen, Viktor Andre"]
[Result "1-0"]
[WhiteElo "1514"]
[BlackElo "1442"]
[PlyCount "79"]
[EventDate "2020.08.19"]
[EventType "tourn"]
[EventRounds "9"]
[EventCountry "NOR"]
[SourceTitle "EXT 2024"]
[Source "ChessBase"]
[SourceDate "2023.10.10"]
[SourceVersion "1"]
[SourceVersionDate "2023.10.10"]
[SourceQuality "1"]

1. d4 Nf6 2. Bf4 d5 3. Nf3 e6 4. e3 Bb4+ 5. c3 Bd6 6. Bg3 0-0 7. Qc2 a5 8. Bd3 g6 9. Nbd2 c5 10. b3 Nc6 11. e4 Be7 12. h3 b6 13. 0-0 Ba6 14. Bxa6 Rxa6 15. Qd3 Ra7 16. Qb5 dxe4 17. Qxc6 exf3 18. Nxf3 Nd5 19. Rac1 Rc7 20. Bxc7 Nxc7 21. Qxb6 cxd4 22. Rfd1 Nd5 23. Qxd8 Rxd8 24. Rxd4 Bf6 25. Rd3 Kg7 26. Rcd1 Rc8 27. c4 Nc3 28. R1d2 Ne4 29. Rc2 Nc5 30. Rd1 Ne4 31. g4 h6 32. Rd7 Rc5 33. Re2 Nc3 34. Rxe6 Nxa2 35. Red6 a4 36. bxa4 Rxc4 37. a5 Nb4 38. Rb6 Rc5 39. Rxb4 Rxa5 40. Rbb7 1-0

[Event "Konnerud CC-ch"]
[Site "Konnerud"]
[Date "2020.01.22"]
[Round "2"]
[White "Marthinussen, Viktor Andre"]
[Black "Selmer, Julian"]
[Result "1-0"]
[WhiteElo "1437"]
[BlackElo "1116"]
[PlyCount "45"]
[EventDate "2020.01.08"]
[EventType "swiss"]
[EventRounds "6"]
[EventCountry "NOR"]
[SourceTitle "EXT 2024"]
[Source "ChessBase"]
[SourceDate "2023.10.10"]
[SourceVersion "1"]
[SourceVersionDate "2023.10.10"]
[SourceQuality "1"]

1. e4 e5 2. Nf3 Nc6 3. Bb5 Nf6 4. 0-0 d6 5. Bxc6+ bxc6 6. d3 Rb8 7. c3 g6 8. Qa4 Rb6 9. Nbd2 Ba6 10. Nc4 Bb5 11. Qb3 Rb7 12. Ng5 d5 13. Nxe5 Bxd3 14. Qxb7 Nxe4 15. Qxc6+ Ke7 16. Ngxf7 Qe8 17. Qxc7+ Kf6 18. Re1 Bc5 19. Rxe4 Bxe4 20. Qxc5 Rf8 21. Bg5+ Kf5 22. g4+ Ke6 23. Qd6# 1-0